| 000 | 00930nam0a22002651 4500 | ||
|---|---|---|---|
| 001 | rc\4766639 | ||
| 005 | 20260407023830.0 | ||
| 021 |
_aRU _b[59-12960] |
||
| 035 | _a(NLR Aleph) 009020535 | ||
| 090 |
_a9425383 _c9425383 |
||
| 100 | _a20130417d1958 |||y0rusy50 ca | ||
| 101 | 0 | _arus | |
| 102 | _aRU | ||
| 105 | _aa z ||||| | ||
| 200 | 1 |
_aБрюссель 1958 года _eЗаметки о Всемирной выставке |
|
| 210 |
_a[Москва] _cМол. гвардия _d1958 |
||
| 215 |
_a72 с. _cил. _d22 |
||
| 606 |
_aВыставки международные _z1958 _yБрюссель _2psbo |
||
| 700 | 1 |
_aМихайлов _bН.А. _f1906-1982 _gНиколай Александрович |
|
| 712 | 1 | 2 |
_aВсемирная выставка _f1958 _eБрюссель _3RU\NLR\AUTH\8810009357 _9516439 |
| 801 | 0 |
_aRU _bNLR _gpsbo |
|
| 801 | 1 |
_aRU _bELAR _2rusmarc |
|
| 852 |
_aNLR _j59-6/2267 |
||
| 942 | _cBOOK | ||
| 980 | _aNB | ||